[Event "Sparkassen Chess Trophy 2024 A-Open"]
[Site "Dortmund"]
[Date "2024.08.17"]
[Round "8"]
[White "Van Amerongen-Jansen, Peggy"]
[Black "Kantor, Nikita"]
[Result "1-0"]
[WhiteElo "1931"]
[BlackElo "1971"]
[PlyCount "112"]
[EventDate "2024.08.10"]

1. e4 e5 2. Nf3 Nc6 3. d4 exd4 4. Bc4 Bc5 5. c3 Nf6 6. e5 d5 7. Bb5 Ne4 8. cxd4 Bb6 9. O-O O-O 10. Be3 Bg4 11. h3 Bh5 12. Be2 f6 13. exf6 Qxf6 14. Nc3 Nxc3 15. bxc3 Rae8 16. Nh2 Bxe2 17. Qxe2 Qg6 18. Rfd1 Na5 19. Qd3 Qxd3 20. Rxd3 Nc4 21. Rb1 c6 22. Nf1 Rf7 23. Nd2 Na3 24. Rb3 Nc2 25. Nf3 Nxe3 26. Rxe3 Rxe3 27. fxe3 Bc7 28. Kf1 b6 29. Kf2 Re7 30. Rb1 Bd6 31. Ne1 c5 32. Nf3 Rc7 33. Rb2 cxd4 34. cxd4 h6 35. Ne1 Kf7 36. Nd3 Ke6 37. Kf3 Rc3 38. Nf4+ Bxf4 39. Kxf4 Rc1 40. Re2 a6 41. Rf2 g6 42. h4 b5 43. g4 a5 44. g5 hxg5+ 45. Kxg5 Rg1+ 46. Kf4 b4 47. Rc2 a4 48. Rb2 Ra1 49. Rxb4 Rxa2 50. Rb6+ Kf7 51. Ra6 Ra1 52. Ke5 Re1 53. Ra7+ Ke8 54. Rxa4 Rxe3+ 55. Kxd5 Kf7 56. Ra7+ Kf6 {Erfassung abgebrochen - unleserlich; erfasst durch pgnApp - www.pgn-app.com} 1-0

[Event "Sparkassen Chess Trophy 2024 A-Open"]
[Site "Dortmund"]
[Date "2024.08.17"]
[Round "8"]
[White "Mader, Fabian"]
[Black "Riechenberg, Sebastian"]
[Result "1-0"]
[WhiteElo "2019"]
[BlackElo "1951"]
[PlyCount "87"]
[EventDate "2024.08.10"]

1. e4 c5 2. Nf3 d6 3. d4 cxd4 4. Nxd4 Nf6 5. Nc3 a6 6. Be3 e5 7. Nb3 Be7 8. f3 Be6 9. Qd2 h5 10. Be2 Nbd7 11. O-O a5 12. Bb5 O-O 13. Rad1 Nb6 14. Qe2 Qc7 15. f4 Bg4 16. Qf2 Nc4 17. Rde1 Nxb2 18. Nd5 Nxd5 19. exd5 Nc4 20. f5 Nxe3 21. Rxe3 Bg5 22. Re4 g6 23. Bd3 Bxf5 24. Rc4 Qd7 25. Bxf5 Qxf5 26. Qb6 Bf4 27. g3 Rac8 28. Nxa5 Qg4 29. Rxc8 Rxc8 30. c4 h4 31. Qf2 hxg3 32. hxg3 Rc5 33. Nxb7 Rxc4 34. Nxd6 Rc3 35. Ne4 Kh8 36. Nxc3 Bxg3 37. Qf6+ Kh7 38. Qxf7+ Kh6 39. Qf8+ Kg5 40. Qf3 Qd4+ 41. Kg2 Bh4 42. Ne4+ Kh6 43. Kh3 Qb2 44. Qf8+ {erfasst durch pgnApp - www.pgn-app.com} 1-0

[Event "Sparkassen Chess Trophy 2024 A-Open"]
[Site "Dortmund"]
[Date "2024.08.17"]
[Round "8"]
[White "Udelnov, Valentin"]
[Black "Gieseler, Felix"]
[Result "1-0"]
[WhiteElo "2037"]
[BlackElo "1960"]
[PlyCount "79"]
[EventDate "2024.08.10"]

1. e4 e5 2. Nf3 Nc6 3. Bc4 Bc5 4. c3 Nf6 5. d3 d6 6. O-O a6 7. a4 Be6 8. Bxe6 fxe6 9. d4 exd4 10. cxd4 Bb6 11. d5 Ne5 12. Ng5 exd5 13. exd5 Qd7 14. a5 Ba7 15. Ne6 c6 16. Nc3 Kf7 17. Ng5+ Kg8 18. dxc6 bxc6 19. Bf4 Rb8 20. Qe2 Ng6 21. Bg3 h6 22. Nf3 Nh5 23. Qxa6 Nxg3 24. hxg3 Rxb2 25. Na4 Rb4 26. Rfb1 c5 27. Nb6 Bxb6 28. Rxb4 cxb4 29. Qxb6 Kh7 30. Qxb4 d5 31. a6 Ra8 32. Qb6 Ne7 33. Ne5 Qa7 34. Qe6 Rf8 35. Ra2 Ra8 36. Nd7 Rd8 37. Qxe7 Rxd7 38. Qxd7 Qxd7 39. a7 Qg4 40. Ra1 {erfasst durch pgnApp - www.pgn-app.com} 1-0

[Event "Sparkassen Chess Trophy 2024 A-Open"]
[Site "Dortmund"]
[Date "2024.08.17"]
[Round "8"]
[White "Spickermann, Sven"]
[Black "Sheng, Ming"]
[Result "1/2-1/2"]
[WhiteElo "1920"]
[BlackElo "2035"]
[PlyCount "43"]
[EventDate "2024.08.10"]

1. e4 c6 2. d4 d5 3. exd5 cxd5 4. Nf3 Nc6 5. Bb5 Bd7 6. Bxc6 bxc6 7. Ne5 Nf6 8. O-O e6 9. f4 Qb6 10. b3 c5 11. c4 Be7 12. Nxd7 Nxd7 13. Nc3 cxd4 14. Nb5 e5 15. Re1 dxc4 16. fxe5 Nxe5 17. Rxe5 O-O 18. Rxe7 Qxb5 19. Qxd4 cxb3 20. axb3 Qxb3 21. Rexa7 Rxa7 22. Qxa7 {erfasst durch pgnApp - www.pgn-app.com} 1/2-1/2

[Event "Sparkassen Chess Trophy 2024 A-Open"]
[Site "Dortmund"]
[Date "2024.08.17"]
[Round "8"]
[White "Schloesser, Alexander"]
[Black "Harutyunyan, Hovhannes"]
[Result "1/2-1/2"]
[WhiteElo "1975"]
[BlackElo "1992"]
[PlyCount "61"]
[EventDate "2024.08.10"]

1. d4 e6 2. Bf4 d5 3. e3 Nf6 4. Nd2 c5 5. c3 Nc6 6. Bd3 Bd7 7. Ngf3 Be7 8. Ne5 c4 9. Bc2 b5 10. a3 O-O 11. Qf3 a5 12. Qh3 g6 13. Bh6 Re8 14. f4 Nh5 15. g4 Ng7 16. Bxg7 Kxg7 17. Nxf7 Bh4+ 18. Ke2 Kxf7 19. g5 h5 20. Qxh4 b4 21. Nf3 b3 22. Bd1 Rh8 23. Qf2 Kg7 24. h4 Qc7 25. Kd2 Raf8 26. Qh2 Rf7 27. Be2 Bc8 28. Bf1 Rhf8 29. Be2 Bb7 30. Raf1 Rf5 31. Rhg1 {erfasst durch pgnApp - www.pgn-app.com} 1/2-1/2

[Event "Sparkassen Chess Trophy 2024 A-Open"]
[Site "Dortmund"]
[Date "2024.08.17"]
[Round "8"]
[White "Rodriguez, Augustin"]
[Black "Thiemann, Marc"]
[Result "1/2-1/2"]
[WhiteElo "2079"]
[BlackElo "1974"]
[PlyCount "134"]
[EventDate "2024.08.10"]

1. e4 c5 2. Nf3 d6 3. Bb5+ Nd7 4. O-O a6 5. Bxd7+ Bxd7 6. c3 Nf6 7. Re1 e6 8. d4 cxd4 9. cxd4 Be7 10. Nc3 O-O 11. a4 Re8 12. Qb3 b5 13. a5 h6 14. Be3 Ng4 15. Bf4 Rc8 16. e5 dxe5 17. dxe5 Bc5 18. Ne4 Ba7 19. h3 f5 20. exf6 Nxf6 21. Nd6 Nd5 22. Be5 Qe7 23. Nxc8 Bxc8 24. Rac1 Qf7 25. Bd4 Bb8 26. Ne5 Qf4 27. Qd3 Bb7 28. g3 Qg5 29. Qg6 Qxg6 30. Nxg6 Nb4 31. Red1 Be4 32. Ne7+ Kf7 33. Rc8 Rxe7 34. Bc5 Nc6 35. f3 Ba7 36. fxe4 Bxc5+ 37. Kg2 Nxa5 38. Rxc5 Nc4 39. Rf1+ Kg6 40. Ra1 Nxb2 41. Rxa6 b4 42. Rcc6 Kf6 43. Rab6 Nd3 44. Rd6 Ne1+ 45. Kf2 Nc2 46. Rdc6 b3 47. Rc4 Rd7 48. Rxb3 Rd2+ 49. Kf1 Ke5 50. Rb5+ Kf6 51. e5+ Kg6 52. Rg4+ Kh7 53. Re4 Nd4 54. Rb6 Nf5 55. Ke1 Rd3 56. g4 Nd4 57. Rd6 Nc2+ 58. Kf2 Rxh3 59. Rxe6 Rb3 60. Re8 Nb4 61. e6 Nd5 62. e7 Nf6 63. Rf8 Nxe4+ 64. Ke2 Nd6 65. Rd8 Rb7 66. Rxd6 Rxe7+ 67. Kf3 Rf7+ {erfasst durch pgnApp - www.pgn-app.com} 1/2-1/2

[Event "Sparkassen Chess Trophy 2024 A-Open"]
[Site "Dortmund"]
[Date "2024.08.17"]
[Round "8"]
[White "Stoll, Thomas"]
[Black "Giacomini, Hector"]
[Result "1/2-1/2"]
[WhiteElo "1978"]
[BlackElo "2125"]
[PlyCount "119"]
[EventDate "2024.08.10"]

1. e4 c6 2. d4 d5 3. e5 c5 4. dxc5 e6 5. a3 Nc6 6. Nf3 Bxc5 7. b4 Bb6 8. Bb2 f6 9. Bd3 fxe5 10. Nxe5 Nf6 11. O-O O-O 12. Nd2 a5 13. b5 Nxe5 14. Bxe5 Bd7 15. Qe2 Rc8 16. a4 Be8 17. Bg3 Qe7 18. Rfe1 Bf7 19. Bh4 Qb4 20. Bxf6 gxf6 21. c4 Kh8 22. Rab1 Qc5 23. cxd5 exd5 24. Qf3 Qd4 25. Re7 Rc3 26. Rb3 Rc1+ 27. Nf1 Rc7 28. Rxc7 Bxc7 29. Qh3 Bg8 30. Qd7 Bb6 31. Ne3 Qxa4 32. Rb1 Bxe3 33. fxe3 Qa3 34. Qf5 Qd6 35. h4 Re8 36. Kf2 Qe5 37. Re1 Qxf5+ 38. Bxf5 Be6 39. Bxe6 Rxe6 40. Rd1 Rd6 41. Ra1 d4 42. Rxa5 dxe3+ 43. Kxe3 Rd5 44. g4 Kg7 45. Ke4 Rc5 46. Kf4 h5 47. gxh5 Rxh5 48. Kg4 Rc5 49. Ra8 Rxb5 50. Rb8 Rb1 51. Kf5 Rb4 52. h5 Rb5+ 53. Kf4 Kh7 54. Rf8 Kg7 55. Rb8 Rxh5 56. Rxb7+ Kg6 57. Rb8 Rh4+ 58. Kg3 Ra4 59. Rb5 f5 60. Rb8 {erfasst durch pgnApp - www.pgn-app.com} 1/2-1/2

[Event "Sparkassen Chess Trophy 2024 A-Open"]
[Site "Dortmund"]
[Date "2024.08.17"]
[Round "8"]
[White "Stork, Simon"]
[Black "Ranieri, Pierpaolo"]
[Result "1-0"]
[WhiteElo "2055"]
[BlackElo "1909"]
[PlyCount "85"]
[EventDate "2024.08.10"]

1. d4 d5 2. c4 c6 3. Nf3 Nf6 4. Nc3 e6 5. Bg5 Nbd7 6. e3 Qa5 7. Nd2 Bb4 8. Qc2 dxc4 9. Bxf6 Nxf6 10. Nxc4 Bxc3+ 11. bxc3 Qc7 12. Ne5 O-O 13. Bd3 b6 14. O-O Bb7 15. a4 c5 16. Qe2 Nd7 17. f4 Nxe5 18. fxe5 cxd4 19. cxd4 Rac8 20. Rf4 g6 21. Raf1 Bd5 22. Qf2 Bb3 23. h4 Bxa4 24. h5 Qe7 25. Rf6 Bb3 26. Qh4 Qc7 27. hxg6 fxg6 28. Bxg6 Rxf6 29. Rxf6 Qg7 30. Bxh7+ Qxh7 31. Qg5+ Qg7 32. Rg6 Rc7 33. Rxg7+ Rxg7 34. Qd8+ Kh7 35. e4 Bc2 36. d5 exd5 37. exd5 a5 38. e6 a4 39. Qh4+ Kg8 40. d6 Bf5 41. Qxa4 Bxe6 42. Qe8+ Kh7 43. Qxe6 {erfasst durch pgnApp - www.pgn-app.com} 1-0

[Event "Sparkassen Chess Trophy 2024 A-Open"]
[Site "Dortmund"]
[Date "2024.08.17"]
[Round "8"]
[White "Zamengo, Bruno"]
[Black "Vollbehr, Bjarne"]
[Result "0-1"]
[WhiteElo "1932"]
[BlackElo "2019"]
[PlyCount "84"]
[EventDate "2024.08.10"]

1. e4 e5 2. Nf3 Nc6 3. Bc4 Bc5 4. c3 Nf6 5. d3 a6 6. a4 d6 7. O-O Ba7 8. Na3 Ne7 9. Nc2 O-O 10. Be3 Bb8 11. Qd2 c6 12. Rfe1 d5 13. exd5 cxd5 14. Ba2 Qc7 15. g3 Ng4 16. Bg5 f6 17. Bh4 Ba7 18. d4 Kh8 19. Re2 e4 20. Nfe1 g5 21. Bxg5 fxg5 22. Qxg5 Nf6 23. f3 exf3 24. Nxf3 Ne4 25. Rxe4 dxe4 26. Ne5 Nf5 27. Kh1 Qg7 28. Qh5 Nd6 29. Ne3 Bf5 30. Rf1 Bg6 31. Nxg6+ Qxg6 32. Qe5+ Qg7 33. Rxf8+ Rxf8 34. Qxd6 Bb8 35. Qd5 Qf6 36. Qxe4 Qf2 37. Bd5 Qe1+ 38. Kg2 Rf2+ 39. Kh3 Rxh2+ 40. Kg4 Qxg3+ 41. Kf5 Rf2+ 42. Ke6 Qd6# {erfasst durch pgnApp - www.pgn-app.com} 0-1

[Event "Sparkassen Chess Trophy 2024 A-Open"]
[Site "Dortmund"]
[Date "2024.08.17"]
[Round "8"]
[White "Lishoy Gengis Paratazham, Dildara"]
[Black "Pfaltz, Maximilian"]
[Result "1-0"]
[WhiteElo "1962"]
[BlackElo "2061"]
[PlyCount "53"]
[EventDate "2024.08.10"]

1. e4 c5 2. d3 a6 3. g3 b5 4. Bg2 Bb7 5. f4 e6 6. Nf3 Be7 7. O-O d5 8. e5 h5 9. h3 Nh6 10. Nc3 Nc6 11. Ne2 Qb6 12. Be3 Nf5 13. Bf2 O-O-O 14. Qd2 Rd7 15. c3 Qc7 16. Rfc1 Kb8 17. b3 Rhd8 18. d4 c4 19. Qb2 Na5 20. Rab1 Bc6 21. Ra1 Qb6 22. Rcb1 Rb7 23. b4 Be8 24. bxa5 Qxa5 25. a4 b4 26. cxb4 Rxb4 27. Be1 {erfasst durch pgnApp - www.pgn-app.com} 1-0

[Event "Sparkassen Chess Trophy 2024 A-Open"]
[Site "Dortmund"]
[Date "2024.08.17"]
[Round "8"]
[White "Linde, Wolfgang"]
[Black "Oest, Thorsten"]
[Result "1/2-1/2"]
[WhiteElo "2070"]
[BlackElo "1977"]
[PlyCount "58"]
[EventDate "2024.08.10"]

1. d4 Nf6 2. Nf3 d5 3. c4 e6 4. e3 Bb4+ 5. Nbd2 O-O 6. a3 Bxd2+ 7. Bxd2 Nbd7 8. Qc2 Ne4 9. Bd3 f5 10. cxd5 exd5 11. Rc1 c6 12. b4 a6 13. O-O g5 14. g3 Qe8 15. h4 g4 16. Ne1 Ndf6 17. Kg2 Nh5 18. Be2 Qe7 19. Nd3 Rf6 20. Ne5 Re6 21. Bd3 Rh6 22. Rh1 Be6 23. Rb1 Nhf6 24. Bc3 Nd7 25. Nxd7 Bxd7 26. Rhe1 Re8 27. Bd2 Re6 28. Bc1 Rd8 29. Kh1 Be8 {erfasst durch pgnApp - www.pgn-app.com} 1/2-1/2

[Event "Sparkassen Chess Trophy 2024 A-Open"]
[Site "Dortmund"]
[Date "2024.08.17"]
[Round "8"]
[White "Xue, Luka"]
[Black "Bungarten, Jona"]
[Result "1/2-1/2"]
[WhiteElo "1992"]
[BlackElo "2073"]
[PlyCount "92"]
[EventDate "2024.08.10"]

1. d4 d5 2. c4 e6 3. Nf3 Nf6 4. Nc3 Be7 5. cxd5 exd5 6. Bf4 O-O 7. e3 Bf5 8. Bd3 Bxd3 9. Qxd3 c6 10. O-O Nh5 11. Be5 Nd7 12. Rad1 Re8 13. h3 Qb6 14. Bh2 Qxb2 15. Rb1 Qa3 16. Rb3 Qa6 17. Qxa6 bxa6 18. Rb7 Nhf6 19. g4 Nb6 20. Ne5 c5 21. dxc5 Bxc5 22. Nxf7 d4 23. exd4 Bxd4 24. Nd1 Re2 25. Nd6 g6 26. Ne3 Rxa2 27. Rc1 Rf8 28. Rcc7 Nfd5 29. Rf7 Rxf7 30. Nxf7 Nxe3 31. Nh6+ Kh8 32. Nf7+ Kg7 33. fxe3 Bxe3+ 34. Kh1 Kf6 35. Nd8 g5 36. Rxa7 Nd5 37. Rxh7 Nf4 38. Bxf4 gxf4 39. Rh5 Rf2 40. Rf5+ Kg6 41. Ne6 f3 42. h4 Rf1+ 43. Kh2 f2 44. h5+ Kh6 45. Rf6+ Kh7 46. Rf7+ Kh6 {erfasst durch pgnApp - www.pgn-app.com} 1/2-1/2

[Event "Sparkassen Chess Trophy 2024 A-Open"]
[Site "Dortmund"]
[Date "2024.08.17"]
[Round "8"]
[White "Dornieden, Jonas"]
[Black "Goldinov, Daniel"]
[Result "1/2-1/2"]
[WhiteElo "2075"]
[BlackElo "1989"]
[PlyCount "94"]
[EventDate "2024.08.10"]

1. e4 c5 2. c3 Nf6 3. e5 Nd5 4. Bc4 e6 5. Nf3 d6 6. d4 cxd4 7. cxd4 Be7 8. O-O O-O 9. Qe2 b6 10. Qe4 Ba6 11. Bxa6 Nxa6 12. h4 Rc8 13. Qg4 Kh8 14. Ng5 Nb8 15. Na3 Qd7 16. Qe4 Bxg5 17. hxg5 Ne7 18. Bd2 Nbc6 19. Rfd1 Ng6 20. Be3 Rfd8 21. Rd2 Qe7 22. f4 Nb4 23. Nb5 d5 24. Qb1 Rf8 25. g3 Nc6 26. Rc2 Na5 27. b3 a6 28. Nd6 Rxc2 29. Qxc2 Nb7 30. Qc6 Nxd6 31. exd6 Qd8 32. g4 f6 33. gxf6 gxf6 34. a4 Rf7 35. Bc1 Rg7 36. Kf2 Rd7 37. Ba3 Rg7 38. Rc1 Qg8 39. Qc8 Nf8 40. Rc3 h5 41. Qd8 Rf7 42. Rc7 Qh7 43. Qe8 Qd3 44. Bc1 Rxc7 45. Qxf8+ Kh7 46. dxc7 Qc2+ 47. Kf3 Qe4+ {erfasst durch pgnApp - www.pgn-app.com} 1/2-1/2

[Event "Sparkassen Chess Trophy 2024 A-Open"]
[Site "Dortmund"]
[Date "2024.08.17"]
[Round "8"]
[White "Slanina, Aaron"]
[Black "Zimmermann, Luc"]
[Result "1/2-1/2"]
[WhiteElo "2001"]
[BlackElo "2095"]
[PlyCount "140"]
[EventDate "2024.08.10"]

1. e4 e6 2. d4 d5 3. Nd2 Be7 4. c3 c5 5. Ngf3 cxd4 6. Nxd4 dxe4 7. Nxe4 Nf6 8. Nxf6+ Bxf6 9. Be3 a6 10. Be2 Qc7 11. Bf3 O-O 12. Qb3 Re8 13. Be4 Nd7 14. Qa4 Be5 15. Nb3 Nf6 16. Bf3 Bd7 17. Qa5 Nd5 18. Bxd5 exd5 19. Qxc7 Bxc7 20. O-O-O Bc6 21. Rhe1 Rad8 22. Bd4 Rxe1 23. Rxe1 Re8 24. Rxe8+ Bxe8 25. Kd2 f6 26. g3 Kf7 27. Ke3 b6 28. Nc1 Ke6 29. b3 Bb5 30. a4 Bf1 31. f3 a5 32. Kf2 Ba6 33. Ke3 Kd7 34. f4 Ke6 35. Nd3 h5 36. Nf2 b5 37. Nd3 Bd6 38. Bb6 bxa4 39. bxa4 Bc4 40. Bxa5 Bb3 41. Bb4 Bxa4 42. Bxd6 Kxd6 43. Kd4 Bd7 44. Nb4 Be6 45. Nc2 g6 46. Ne3 Kc6 47. Ng2 Kd6 48. Nh4 Bf5 49. h3 Kc6 50. g4 hxg4 51. hxg4 Bxg4 52. Nxg6 Kd6 53. Nh4 Bh3 54. Nf3 Bg4 55. Nd2 Bh3 56. Nb3 Bd7 57. Nc5 Be8 58. Nd3 Bd7 59. Nb4 Be6 60. Nc2 Bd7 61. Ne3 Be6 62. f5 Bd7 63. Nxd5 Bxf5 64. c4 Bh3 65. Nxf6 Bg2 66. Ng4 Bf1 67. c5+ Kc6 68. Ne5+ Kc7 69. Nf7 Kc6 70. Nd6 Bg2 {erfasst durch pgnApp - www.pgn-app.com} 1/2-1/2

[Event "Sparkassen Chess Trophy 2024 A-Open"]
[Site "Dortmund"]
[Date "2024.08.17"]
[Round "8"]
[White "Holzwarth, Felix"]
[Black "Metzdorf, Matteo"]
[Result "1-0"]
[WhiteElo "1991"]
[BlackElo "2098"]
[PlyCount "105"]
[EventDate "2024.08.10"]

1. d4 d5 2. Nf3 Nf6 3. g3 e6 4. Bg2 Be7 5. O-O O-O 6. c4 dxc4 7. Na3 Bxa3 8. bxa3 b5 9. a4 a6 10. Ba3 Re8 11. Ne5 Nd5 12. e4 Nf6 13. Nxf7 Kxf7 14. e5 Nd5 15. Qh5+ Kg8 16. Be4 g6 17. Bxg6 hxg6 18. Qxg6+ Kh8 19. Rfe1 Nc3 20. Rac1 Bb7 21. Rxc3 Nd7 22. Qh6+ Kg8 23. g4 Re7 24. Rh3 Nf8 25. Bxe7 Qxe7 26. Rh5 Nh7 27. g5 Bf3 28. Rh3 Rf8 29. Re3 Bd5 30. Reg3 Qg7 31. g6 Qxh6 32. Rxh6 Ng5 33. Rxg5 Rf5 34. Rg3 Rf3 35. Rg4 Rd3 36. f4 Rd1+ 37. Kf2 Rd2+ 38. Ke1 Rg2 39. Rxg2 Bxg2 40. axb5 axb5 41. Rh7 c6 42. a3 c3 43. Kd1 Be4 44. Rc7 Kf8 45. h4 Bd5 46. Kc2 Be4+ 47. Kxc3 Bxg6 48. Rxc6 Ke7 49. Kb4 Bd3 50. Rb6 Kd7 51. Rxb5 Bxb5 52. Kxb5 Kc7 53. h5 {erfasst durch pgnApp - www.pgn-app.com} 1-0

[Event "Sparkassen Chess Trophy 2024 A-Open"]
[Site "Dortmund"]
[Date "2024.08.17"]
[Round "8"]
[White "Burkart, Lloyd Shang"]
[Black "Hagenmeyer, Felix"]
[Result "1/2-1/2"]
[WhiteElo "2123"]
[BlackElo "1998"]
[PlyCount "178"]
[EventDate "2024.08.10"]

1. c4 e6 2. g3 d5 3. Bg2 c5 4. cxd5 exd5 5. Nf3 Nf6 6. d4 Nc6 7. O-O Be7 8. dxc5 Bxc5 9. Qc2 Bb6 10. Nc3 O-O 11. Na4 Re8 12. Bg5 Ba5 13. a3 h6 14. Bxf6 Qxf6 15. b4 Bb6 16. Nc3 d4 17. Nd5 Qd8 18. Nxb6 Qxb6 19. Rfd1 Bg4 20. Qd3 Rad8 21. Rac1 a6 22. Rc5 Re7 23. h3 Bxf3 24. Bxf3 Ne5 25. Qf5 Nxf3+ 26. exf3 Qd6 27. Rc8 Rxc8 28. Qxc8+ Kh7 29. Qf5+ g6 30. Qc5 Qxc5 31. bxc5 Rd7 32. Kf1 Rd5 33. Rb1 d3 34. Ke1 Rxc5 35. Rxb7 Kg7 36. Rb3 Rc2 37. Rxd3 Ra2 38. f4 Kf8 39. Re3 Kg7 40. Kf1 f5 41. Kg2 Kf7 42. g4 Kf6 43. Kg3 Ra1 44. Rc3 a5 45. Rc6+ Kf7 46. Rc3 Kf6 47. f3 Ra2 48. h4 a4 49. Rc6+ Kg7 50. Rc7+ Kg8 51. gxf5 gxf5 52. Rc5 Rxa3 53. Rxf5 Ra1 54. Ra5 a3 55. Kg4 a2 56. Kf5 Rf1 57. Rxa2 Rxf3 58. Ra6 Kg7 59. Ra7+ Kg8 60. h5 Rb3 61. Ra6 Kg7 62. Rg6+ Kh7 63. Re6 Rb5+ 64. Re5 Rb7 65. Kf6 Rb1 66. f5 Rh1 67. Re7+ Kg8 68. Re8+ Kh7 69. Re7+ Kg8 70. Kg6 Rg1+ 71. Kxh6 Kf8 72. Rd7 Kg8 73. Rb7 Kf8 74. Ra7 Kg8 75. Rc7 Kf8 76. Ra7 Kg8 77. Rb7 Kf8 78. Kh7 Rg2 79. h6 Rg5 80. Rg7 Rxf5 81. Kg6 Rf1 82. Ra7 Rg1+ 83. Kf6 Rf1+ 84. Kg6 Rg1+ 85. Kh7 Rg2 86. Rg7 Rh2 87. Rg3 Rf2 88. Kg6 Kg8 89. Rb3 Rg2+ {erfasst durch pgnApp - www.pgn-app.com} 1/2-1/2

[Event "Sparkassen Chess Trophy 2024 A-Open"]
[Site "Dortmund"]
[Date "2024.08.17"]
[Round "8"]
[White "Akhmatovski, Maxim"]
[Black "Kock, Stefan"]
[Result "1-0"]
[WhiteElo "2078"]
[BlackElo "2029"]
[PlyCount "103"]
[EventDate "2024.08.10"]

1. c4 e5 2. g3 Nf6 3. Bg2 Bc5 4. Nc3 a6 5. Nf3 Nc6 6. O-O d6 7. e3 O-O 8. b3 Bf5 9. d4 Ba7 10. dxe5 dxe5 11. Qxd8 Rfxd8 12. Bb2 e4 13. Nh4 Bg4 14. Nxe4 Nxe4 15. Bxe4 Rd2 16. Bc3 Rd6 17. Nf5 Bxf5 18. Bxf5 Rad8 19. Bc2 Bc5 20. a3 Re6 21. b4 Bf8 22. Rfd1 Red6 23. Rxd6 Rxd6 24. Rd1 b6 25. Rxd6 Bxd6 26. Be4 Nb8 27. Bb7 Kf8 28. e4 c6 29. e5 Bc7 30. f4 Ke7 31. Bc8 Kd8 32. Bf5 g6 33. Be4 Kd7 34. Kf2 Bd8 35. Ke3 Kc7 36. g4 Nd7 37. Kf3 Nf8 38. Kg3 Be7 39. h4 b5 40. c5 a5 41. Bb1 axb4 42. axb4 Kd7 43. Ba2 Ke8 44. f5 Bd8 45. Bd2 gxf5 46. gxf5 f6 47. e6 Bc7+ 48. Bf4 Bxf4+ 49. Kxf4 h5 50. Bd5 cxd5 51. c6 Kd8 52. c7+ {erfasst durch pgnApp - www.pgn-app.com} 1-0

[Event "Sparkassen Chess Trophy 2024 A-Open"]
[Site "Dortmund"]
[Date "2024.08.17"]
[Round "8"]
[White "Kummerow, Heiko"]
[Black "Steinle, Carsten"]
[Result "0-1"]
[WhiteElo "2117"]
[BlackElo "2017"]
[PlyCount "48"]
[EventDate "2024.08.10"]

1. e4 d6 2. d4 Nf6 3. Nc3 c6 4. f4 g6 5. Nf3 Bg7 6. Bd3 O-O 7. O-O b5 8. e5 Ne8 9. Ng5 Na6 10. f5 dxe5 11. Nxh7 Qxd4+ 12. Kh1 Kxh7 13. fxg6+ Kg8 14. gxf7+ Rxf7 15. Rxf7 Kxf7 16. Qh5+ Kf8 17. Bh6 Qg4 18. Rf1+ Nf6 19. Bxg7+ Qxg7 20. Ne4 Be6 21. Ng5 Bd5 22. Be4 Nc7 23. Nf7 Kg8 24. Qxe5 Nxe4 {erfasst durch pgnApp - www.pgn-app.com} 0-1

[Event "Sparkassen Chess Trophy 2024 A-Open"]
[Site "Dortmund"]
[Date "2024.08.17"]
[Round "8"]
[White "Ravikumar, Pranava"]
[Black "Wickenfeld, Stefan"]
[Result "1-0"]
[WhiteElo "1991"]
[BlackElo "2206"]
[PlyCount "75"]
[EventDate "2024.08.10"]

1. d4 Nf6 2. Bg5 Ne4 3. Bf4 d5 4. e3 c5 5. Nd2 Bf5 6. Nxe4 Bxe4 7. c3 Qb6 8. Qd2 Nc6 9. Nf3 Bxf3 10. gxf3 Rd8 11. Bd3 cxd4 12. exd4 e6 13. O-O Bd6 14. Bg3 O-O 15. Rae1 Qc7 16. Qg5 Rde8 17. Re2 f5 18. Bxd6 Qxd6 19. Kh1 Rf6 20. Rg1 Rg6 21. Qh5 Rxg1+ 22. Kxg1 Rf8 23. Qh4 Rf6 24. Kf1 Rg6 25. Bb5 Kf7 26. Bxc6 bxc6 27. Ke1 Rh6 28. Qg3 f4 29. Qg4 Rxh2 30. Re5 Rh6 31. Qxf4+ Rf6 32. Qh4 c5 33. Qxh7 cxd4 34. Rg5 Ke8 35. Rxg7 dxc3 36. Rxa7 cxb2 37. Ra8+ Qd8 38. Qg8+ {erfasst durch pgnApp - www.pgn-app.com} 1-0

[Event "Sparkassen Chess Trophy 2024 A-Open"]
[Site "Dortmund"]
[Date "2024.08.17"]
[Round "8"]
[White "Brotto, Alessandro"]
[Black "Spriestersbach, Kai"]
[Result "1-0"]
[WhiteElo "2037"]
[BlackElo "2164"]
[PlyCount "55"]
[EventDate "2024.08.10"]

1. e4 c6 2. d4 d5 3. e5 Bf5 4. Nd2 e6 5. Nb3 Nd7 6. Nf3 h6 7. Be2 Ne7 8. O-O g5 9. Ne1 Bg7 10. Be3 Qc7 11. Rc1 O-O-O 12. Nd3 f6 13. Ndc5 Nxc5 14. Nxc5 h5 15. c4 fxe5 16. Qa4 exd4 17. Bxg5 d3 18. Nxd3 Kb8 19. cxd5 Bxd3 20. Bxd3 Rxd5 21. Bxe7 Qxe7 22. Be4 Rd4 23. Qc2 Qb4 24. Bf3 Rd2 25. Qg6 Bd4 26. Qxe6 Rxb2 27. Rc4 Qb6 28. Qd6+ {erfasst durch pgnApp - www.pgn-app.com} 1-0

[Event "Sparkassen Chess Trophy 2024 A-Open"]
[Site "Dortmund"]
[Date "2024.08.17"]
[Round "8"]
[White "Gallana, Marco"]
[Black "Kosev, Momchil"]
[Result "1/2-1/2"]
[WhiteElo "2276"]
[BlackElo "1988"]
[PlyCount "90"]
[EventDate "2024.08.10"]

1. c4 e6 2. g3 d5 3. Bg2 c5 4. Nf3 Nc6 5. cxd5 exd5 6. d4 Nf6 7. O-O Be7 8. dxc5 Bxc5 9. a3 Ne4 10. Qd3 O-O 11. Nc3 Nxc3 12. Qxc3 Be7 13. Be3 Bf6 14. Nd4 Bg4 15. Nxc6 bxc6 16. Qxc6 Bxe2 17. Qxd5 Qxd5 18. Bxd5 Bxf1 19. Bxa8 Rxa8 20. Kxf1 Bxb2 21. Ra2 Be5 22. Rd2 a6 23. Rd7 f6 24. a4 Bc3 25. Bb6 a5 26. Ke2 Re8+ 27. Kd3 Re6 28. Kxc3 Rxb6 29. Kd3 Re6 30. Ra7 Re3+ 31. Kc2 Rf3 32. Rxa5 Rxf2+ 33. Kb3 Rxh2 34. Rc5 Rh1 35. Rc2 Rg1 36. Rc3 Rb1+ 37. Kc4 h5 38. Ra3 g5 39. a5 Kg7 40. a6 Rb8 41. Kd5 Kg6 42. Ke6 h4 43. gxh4 gxh4 44. Ke7 Ra8 45. a7 h3 {erfasst durch pgnApp - www.pgn-app.com} 1/2-1/2

[Event "Sparkassen Chess Trophy 2024 A-Open"]
[Site "Dortmund"]
[Date "2024.08.17"]
[Round "8"]
[White "Lettko, Michael"]
[Black "Neumair, Jerome"]
[Result "1-0"]
[WhiteElo "1937"]
[BlackElo "2091"]
[PlyCount "119"]
[EventDate "2024.08.10"]

1. e4 e6 2. d4 d5 3. Nc3 Nf6 4. e5 Nfd7 5. f4 c5 6. Nf3 Nc6 7. Be3 a6 8. Qd2 b5 9. a3 Qa5 10. dxc5 Bxc5 11. Bxc5 Nxc5 12. Nd4 Nxd4 13. Qxd4 Na4 14. b4 Qb6 15. Qxb6 Nxb6 16. a4 d4 17. Ne4 Nxa4 18. Nd6+ Ke7 19. Rd1 Nc3 20. Rxd4 Nd5 21. Be2 Bd7 22. Kd2 a5 23. bxa5 Rxa5 24. Rb1 Ra4 25. Rxa4 bxa4 26. g3 Ra8 27. c4 Nc7 28. Kc3 Bc6 29. Rb6 a3 30. Rb1 Na6 31. Ra1 Nc5 32. Kb4 Na6+ 33. Kxa3 Nc5+ 34. Kb2 Rxa1 35. Kxa1 Nb3+ 36. Kb2 Nd4 37. Bd1 Bg2 38. Kc3 Nc6 39. Ba4 Nd8 40. Kd4 f6 41. Kc5 g5 42. fxg5 fxg5 43. Kb6 h5 44. c5 h4 45. c6 Nxc6 46. Bxc6 h3 47. Nc4 Bf1 48. Ne3 Be2 49. Bb5 Bf3 50. Bf1 g4 51. Kc7 Ke8 52. Kd6 Kf7 53. Bc4 Kg6 54. Bxe6 Kg5 55. Bc4 Be4 56. e6 Bg6 57. Ke5 Be8 58. Be2 Bh5 59. e7 Be8 60. Bxg4 {erfasst durch pgnApp - www.pgn-app.com} 1-0

[Event "Sparkassen Chess Trophy 2024 A-Open"]
[Site "Dortmund"]
[Date "2024.08.17"]
[Round "8"]
[White "Gasper, Joern"]
[Black "Krams, Amatus"]
[Result "1-0"]
[WhiteElo "2000"]
[BlackElo "1902"]
[PlyCount "93"]
[EventDate "2024.08.10"]

1. e4 c6 2. d4 d5 3. exd5 cxd5 4. Bd3 Nf6 5. c3 Nc6 6. Bf4 e6 7. Nf3 Be7 8. Nbd2 a6 9. Qe2 Nh5 10. Be3 f5 11. g3 Nf6 12. Bf4 O-O 13. Ne5 Nxe5 14. Bxe5 b5 15. Bxf6 Bxf6 16. O-O b4 17. cxb4 Bxd4 18. Nb3 Bb6 19. Nc5 Qd6 20. Rfc1 e5 21. Qd2 e4 22. Bc4 Kh8 23. Qxd5 Qxd5 24. Bxd5 Rb8 25. Bb3 h5 26. Rd1 a5 27. Rd4 axb4 28. Rxb4 f4 29. Rc1 fxg3 30. hxg3 Bf5 31. Rbc4 Rbe8 32. R4c3 Re5 33. Ba4 Kh7 34. b4 g5 35. Bd1 g4 36. Be2 Bd8 37. Rd1 Bg5 38. Nd7 Bxd7 39. Rxd7+ Kg6 40. Rc6+ Bf6 41. b5 Kg5 42. b6 e3 43. b7 exf2+ 44. Kf1 Rfe8 45. Bd3 Re1+ 46. Kxf2 Rd1 47. Rd5+ {erfasst durch pgnApp - www.pgn-app.com} 1-0